[Event "SR 2. liga A 2002/2003"]
[Site "?"]
[Date "2002.10.12"]
[Round "1.3"]
[White "Minich, Peter"]
[Black "Machalova, Veronika"]
[Result "1-0"]
[WhiteElo "2212"]
[BlackElo "2146"]
[PlyCount "79"]
[EventDate "2002.??.??"]

1. c4 e5 2. Nc3 Nc6 3. g3 g6 4. Bg2 Bg7 5. e3 Nge7 6. Nge2 O-O 7. O-O d6 8. d4
exd4 9. exd4 Nf5 10. d5 Ne5 11. b3 Re8 12. Bb2 h6 13. Nf4 Kh7 14. Re1 Bd7 15.
Nd3 h5 16. Nxe5 Bxe5 17. Qd2 Ng7 18. Ne4 Bf5 19. Bxe5 Rxe5 20. f4 Re8 21. Ng5+
Kg8 22. Rxe8+ Qxe8 23. Re1 Qd7 24. Be4 Re8 25. Qd4 b6 26. Kf2 Qd8 27. Re3 f6
28. Ne6 Bxe6 29. dxe6 Nxe6 30. Qd5 Kf7 31. f5 gxf5 32. Bxf5 Qd7 33. Bh3 c6 34.
Qxh5+ Kg7 35. Bf5 Qf7 36. Qh7+ Kf8 37. Qh8+ Ke7 38. Rxe6+ Qxe6 39. Qxe8+ Kxe8
40. Bxe6 1-0

[Event "SR 2. liga A 2002/2003"]
[Site "?"]
[Date "2002.10.12"]
[Round "1.3"]
[White "Szollos, Ondrej"]
[Black "Fabry, Robert"]
[Result "1-0"]
[WhiteElo "2099"]
[BlackElo "2210"]
[PlyCount "123"]
[EventDate "2002.??.??"]

1. Nf3 Nf6 2. d3 d5 3. c3 c5 4. Qc2 Nc6 5. e4 e5 6. Be2 Be7 7. O-O O-O 8. Nbd2
Bg4 9. h3 Bh5 10. Re1 Qd7 11. Nf1 Rfd8 12. Ng3 Bg6 13. Nh2 c4 14. Ng4 cxd3 15.
Nxf6+ Bxf6 16. Bxd3 Rac8 17. Qa4 d4 18. c4 Bh4 19. Nf1 f5 20. Nd2 Rf8 21. Nf3
Be7 22. exf5 Bxf5 23. Nxe5 Nxe5 24. Qxd7 Nxd7 25. Bxf5 Rxf5 26. Rxe7 Nc5 27. b3
Kf8 28. Re2 Kf7 29. Bd2 Rc6 30. Rae1 Re6 31. Rxe6 Nxe6 32. Re4 b5 33. Bb4 a5
34. Bd6 a4 35. Bb4 axb3 36. axb3 bxc4 37. bxc4 Kf6 38. f3 Rh5 39. Kf2 Rh6 40.
Ba3 Rh5 41. Bb4 Rh6 42. f4 Kf5 43. Kf3 g5 44. Re5+ Kf6 45. Be7+ Kxe7 46. f5 Rh4
47. Rxe6+ Kf7 48. Re4 Rh6 49. Rxd4 Rc6 50. Ke4 Rc5 51. g4 h5 52. Kd3 hxg4 53.
hxg4 Ra5 54. Re4 Ra7 55. Kd4 Ra1 56. Kc5 Rf1 57. Kd5 Rd1+ 58. Rd4 Ra1 59. c5
Ke7 60. c6 Ra5+ 61. Kc4 Ra1 62. Kc5 1-0

[Event "SR 2. liga A 2002/2003"]
[Site "?"]
[Date "2002.10.12"]
[Round "1.4"]
[White "Hecko, Dusan"]
[Black "Miklas, Marian"]
[Result "1/2-1/2"]
[WhiteElo "2168"]
[BlackElo "2172"]
[PlyCount "42"]
[EventDate "2002.??.??"]

1. d4 Nf6 2. Nf3 g6 3. Bf4 Bg7 4. e3 O-O 5. c3 b6 ({Kniznica Fritz} 5... d6 6.
h3) 6. Bd3 Ba6 7. O-O c5 8. Bxa6 Nxa6 9. Qd3 Nc7 10. Bxc7 Qxc7 11. Nbd2 d6 12.
Rac1 Nd7 13. b3 e6 14. c4 Rad8 15. e4 a6 16. g3 Qb7 17. d5 exd5 18. Qxd5 Qxd5
19. exd5 Rfe8 20. Rfe1 Bh6 21. Rcd1 Bxd2 1/2-1/2

[Event "SR 2. liga A 2002/2003"]
[Site "?"]
[Date "2002.10.12"]
[Round "1.4"]
[White "Kebis, Milos"]
[Black "Sarmir, Milos"]
[Result "1-0"]
[WhiteElo "2081"]
[BlackElo "2149"]
[PlyCount "58"]
[EventDate "2002.??.??"]

1. c4 Nf6 2. Nc3 e6 3. d4 d5 4. Nf3 Be7 5. Bf4 c6 6. e3 O-O 7. Bd3 dxc4 8. Bxc4
Nd5 9. Bg3 Bb4 10. Qc2 Nd7 11. O-O Qe7 12. e4 Nxc3 13. bxc3 Bd6 14. e5 Bc7 15.
Bh4 Qe8 16. Ng5 g6 17. Ne4 h6 18. Qd2 Kh7 19. f4 b6 20. Rf3 Rg8 21. Rh3 Kg7 22.
Bf6+ Nxf6 23. Nxf6 Qd8 24. f5 Rh8 25. fxg6 fxg6 26. Bd3 c5 27. Qf4 Qe7 28. Qe4
Rb8 29. Qxg6+ Kf8 1-0

[Event "SR 2. liga A 2002/2003"]
[Site "?"]
[Date "2002.10.12"]
[Round "1.4"]
[White "Kuna, Vladimir"]
[Black "Toth_Vano, Peter"]
[Result "1-0"]
[WhiteElo "2159"]
[BlackElo "2103"]
[PlyCount "107"]
[EventDate "2002.??.??"]

1. d4 d5 2. Nf3 e6 3. c4 Nf6 4. Bg5 Be7 5. Nc3 Nbd7 6. e3 O-O 7. Rc1 c6 8. Bd3
dxc4 9. Bxc4 Nb6 10. Bb3 Nfd5 11. Bxe7 Qxe7 12. O-O Nxc3 13. Rxc3 Nd7 14. Qd3
e5 15. dxe5 Nxe5 16. Nxe5 Qxe5 17. f4 Qe7 18. f5 Qf6 19. e4 Qe5 20. Rc2 b6 21.
Rd2 a5 22. Qd4 Qxd4+ 23. Rxd4 Ra7 24. Rfd1 Re8 25. Kf2 Kf8 26. Kf3 Rae7 27. Rd8
Bb7 28. Rxe8+ Kxe8 29. g4 b5 30. a3 c5 31. Bc2 Rd7 32. Rxd7 Kxd7 33. Kf4 Bc6
34. e5 a4 35. Be4 Bxe4 36. Kxe4 Kc6 37. e6 fxe6 38. fxe6 Kd6 39. e7 Kxe7 40.
Kd5 Kf6 41. Kxc5 Kg5 42. Kxb5 Kxg4 43. Kxa4 Kh3 44. b4 Kxh2 45. b5 g5 46. b6 h5
47. b7 h4 48. b8=Q+ Kh3 49. Qb3+ Kg4 50. Qd1+ Kg3 51. Qg1+ Kf4 52. Qh2+ Kg4 53.
Qg2+ Kf4 54. Qh3 1-0

[Event "SR 2. liga A 2002/2003"]
[Site "?"]
[Date "2002.10.12"]
[Round "1.4"]
[White "Mynar, Martin"]
[Black "Srna, Jan"]
[Result "1-0"]
[WhiteElo "2113"]
[BlackElo "2073"]
[PlyCount "147"]
[EventDate "2002.??.??"]

1. e4 e6 2. d4 d5 3. Nd2 a6 4. c3 c5 5. Ngf3 Nc6 6. e5 Qb6 7. Nb3 cxd4 8. cxd4
Nge7 9. Be2 Nf5 10. O-O Be7 11. Re1 Bd7 12. Bf4 Bb4 13. Rf1 h6 14. g4 Nfe7 15.
a3 Ng6 16. Bg3 Be7 17. h4 Qd8 18. h5 Nh4 19. Nxh4 Bxh4 20. Nc5 Bc8 21. Rc1 O-O
22. Rc3 f5 23. gxf5 exf5 24. f4 Be7 25. Rf2 Kh8 26. Rg2 b6 27. Nb3 Qe8 28. Bf2
Be6 29. Rg6 Bd8 30. Qc2 Nb8 31. Qd1 Ra7 32. Nd2 Rd7 33. Nf1 Bf7 34. Rg2 Rc7 35.
Rxc7 Bxc7 36. Qc2 Qd7 37. Ne3 Be6 38. Bf3 Nc6 39. Nf1 Rc8 40. Rg6 Ne7 41. Rg2
Bxe5 42. Qe2 Bxf4 43. Qxa6 Qc6 44. Bh4 Bd6 45. Re2 Qd7 46. Qxb6 Nc6 47. Bf2 Rb8
48. Qa6 Rb3 49. Bg2 Nb8 50. Qa5 Rb5 51. Qa4 Bf7 52. Bf3 f4 53. b4 Qb7 54. Qc2
Qd7 55. Nh2 Rb7 56. Bg4 Qd8 57. Qf5 Bg8 58. Nf3 Rf7 59. Qd3 Bh7 60. Qb5 Be4 61.
Bh4 Qc7 62. Ne5 Bxe5 63. Qe8+ Kh7 64. dxe5 f3 65. Rf2 Rf4 66. Be6 Qc1+ 67. Rf1
f2+ 68. Bxf2 Rf8 69. Qg6+ Bxg6 70. hxg6+ Kxg6 71. Rxc1 Re8 72. Bxd5 Rxe5 73.
Bf3 h5 74. a4 1-0

[Event "SR 2. liga A 2002/2003"]
[Site "?"]
[Date "2002.10.12"]
[Round "1.4"]
[White "Seitler, Andrej"]
[Black "Skreno, Vladimir"]
[Result "1/2-1/2"]
[WhiteElo "2149"]
[BlackElo "2108"]
[PlyCount "96"]
[EventDate "2002.??.??"]

1. e4 c5 2. Nc3 Nc6 3. g3 g6 4. Bg2 Bg7 5. d3 e6 6. Be3 d6 7. Nge2 Nge7 8. Qd2
Nd4 9. Nd1 Nxe2 10. Qxe2 Rb8 11. O-O O-O 12. Qd2 b5 13. Bh6 Qc7 14. Bxg7 Kxg7
15. Ne3 f6 16. f4 Bd7 17. g4 e5 18. Rf3 d5 19. exd5 exf4 20. Rxf4 g5 21. Rf2
Ng6 22. Be4 Nf4 23. Kh1 h5 24. gxh5 Nxh5 25. Rg1 Rh8 26. Nf1 Qe5 27. Qc3 Qxc3
28. bxc3 Rb6 29. Ng3 Nxg3+ 30. Rxg3 Ra6 31. Rgf3 Bg4 32. Rg3 Bh3 33. Bg2 Bd7
34. Re3 Kf7 35. Rfe2 Re8 36. Rxe8 Bxe8 37. Bh3 Rd6 38. Be6+ Ke7 39. Bg4+ Kd8
40. c4 bxc4 41. dxc4 Bd7 42. Bxd7 Kxd7 43. Re3 Ra6 44. a3 Ra4 45. Rc3 Ra6 46.
Kg2 f5 47. Rh3 Ra4 48. Rc3 Ra6 1/2-1/2

[Event "SR 2. liga A 2002/2003"]
[Site "?"]
[Date "2002.10.12"]
[Round "1.4"]
[White "Stefan, Oldrich"]
[Black "Kubis, Ivan"]
[Result "1-0"]
[WhiteElo "2050"]
[BlackElo "2105"]
[PlyCount "81"]
[EventDate "2002.??.??"]

1. d4 Nf6 2. Nf3 e6 3. g3 Be7 4. Bg2 O-O 5. O-O d5 6. c4 dxc4 7. Nbd2 b5 8. Ne5
Nd5 9. b3 Bb7 10. bxc4 Nc3 11. Qe1 Bxg2 12. Kxg2 f6 13. Nef3 Nc6 14. Nb3 b4 15.
e4 a5 16. a4 Qd7 17. Bd2 f5 18. Bxc3 bxc3 19. Qxc3 fxe4 20. Nfd2 Bb4 21. Qe3
Rad8 22. Nxe4 Nxd4 23. Rfd1 e5 24. f4 Nf5 25. Qe2 Qc6 26. fxe5 Rde8 27. Rd5 Ne7
28. Nd4 Qb6 29. c5 Qa7 30. Rd7 Bxc5 31. Qc4+ Kh8 32. Nxc5 Qa8+ 33. Kg1 Ng6 34.
Qd5 Qb8 35. Qb7 Nxe5 36. Qxb8 Rxb8 37. Rxc7 Rb2 38. Nce6 Rfb8 39. Rac1 h6 40.
Rc8+ Kh7 41. Nf8+ 1-0

[Event "SR 2. liga A 2002/2003"]
[Site "?"]
[Date "2002.10.12"]
[Round "1.5"]
[White "Doucha, Ludvik"]
[Black "Hanzluvka, Peter"]
[Result "1-0"]
[WhiteElo "2107"]
[BlackElo "2127"]
[PlyCount "77"]
[EventDate "2002.??.??"]

1. e4 c5 2. c4 Nc6 3. Ne2 Nf6 4. Nbc3 d6 5. d4 cxd4 6. Nxd4 a6 7. Be2 e6 8. O-O
Be7 9. Be3 O-O 10. f4 Qc7 11. Rc1 Bd7 12. g4 Nxd4 13. Bxd4 h6 14. Be3 Qd8 15.
h4 Bc6 16. Bf3 Kh7 17. Rc2 Rc8 18. Rg2 Nd7 19. g5 hxg5 20. hxg5 g6 21. Rff2 Kg7
22. Rd2 Qc7 23. Rc2 Qd8 24. Rcd2 Qc7 25. Qe1 Rh8 26. Qg3 Rcd8 27. Rc2 Qb8 28.
Rgd2 Rh7 29. b4 b5 30. cxb5 axb5 31. Nd1 Qb7 32. Nf2 Rc8 33. Bd4+ Kg8 34. a3
Qb8 35. Ng4 Qb7 36. Re2 Qa8 37. Rh2 Qa4 38. Rxh7 Qxc2 39. Rh8# 1-0

[Event "SR 2. liga A 2002/2003"]
[Site "?"]
[Date "2002.10.12"]
[Round "1.5"]
[White "Gajarsky, Roman"]
[Black "Mihalik, Marek"]
[Result "1/2-1/2"]
[WhiteElo "2051"]
[BlackElo "2090"]
[PlyCount "25"]
[EventDate "2002.??.??"]

1. e4 c5 2. b3 d6 3. Bb2 Nc6 4. c4 Nf6 5. d3 g6 6. f4 Bg7 7. Nf3 Nh5 8. Bxg7
Nxg7 9. Nc3 Ne6 10. Qd2 Ned4 11. Ne2 Nxf3+ 12. gxf3 e5 13. O-O-O 1/2-1/2

[Event "SR 2. liga A 2002/2003"]
[Site "?"]
[Date "2002.10.12"]
[Round "1.5"]
[White "Gasa, Andrej"]
[Black "Raczko, Peter"]
[Result "0-1"]
[WhiteElo "2167"]
[BlackElo "2002"]
[PlyCount "102"]
[EventDate "2002.??.??"]

1. e4 d6 2. d4 Nf6 3. Nc3 g6 4. h3 Bg7 5. Nf3 c6 6. Bd3 O-O 7. O-O Nbd7 8. Ne2
b5 9. c3 Bb7 10. Be3 a6 11. Qd2 e6 12. Bh6 c5 13. Ng3 Ne8 14. Rfe1 Nc7 15. h4
Bxh6 16. Qxh6 Qf6 17. e5 dxe5 18. Nxe5 Nxe5 19. Nh5 Qxf2+ 20. Kxf2 Ng4+ 21. Kg3
Nxh6 22. Nf6+ Kg7 23. Nd7 Rfd8 24. Nxc5 Bc6 25. a3 Nd5 26. Rad1 Nf5+ 27. Bxf5
exf5 28. Rd2 Re8 29. Rde2 Rxe2 30. Rxe2 a5 31. a4 Re8 32. Rxe8 Bxe8 33. axb5
Bxb5 34. Nb7 a4 35. Nd6 Nxc3 36. Kf4 Nd5+ 37. Ke5 Bc6 38. Nc4 Nb4 39. g3 Kf8
40. Kd6 Be8 41. d5 Na6 42. Nb6 h6 43. Ke5 Nc5 44. Nc4 Nd7+ 45. Kd6 g5 46. hxg5
hxg5 47. Nd2 f4 48. gxf4 gxf4 49. Nf3 f6 50. Ke6 Ne5 51. Nd2 Kg7 0-1

[Event "SR 2. liga A 2002/2003"]
[Site "?"]
[Date "2002.10.12"]
[Round "1.5"]
[White "Kovarik, Oto"]
[Black "Galan, Anton"]
[Result "1-0"]
[WhiteElo "2103"]
[BlackElo "1966"]
[PlyCount "81"]
[EventDate "2002.??.??"]

1. e4 Nf6 2. e5 Nd5 3. d4 d6 4. c4 Nb6 5. Nf3 Bg4 6. Be2 dxe5 7. d5 f6 8. O-O
e6 9. Nc3 Bb4 10. Be3 Bxc3 11. bxc3 exd5 12. Bxb6 axb6 13. cxd5 O-O 14. Qb3 Qd6
15. a4 Nd7 16. c4 Nc5 17. Qc2 Bd7 18. Nd2 Bxa4 19. Qc3 f5 20. Rfe1 Rae8 21. Bf1
Rf6 22. Be2 Rh6 23. Nf1 e4 24. Ra3 Bd7 25. Rea1 Na6 26. Bd1 b5 27. cxb5 Bxb5
28. Ng3 Rf6 29. Nh5 Rf7 30. Rb1 Bd3 31. Rxb7 Nc5 32. Rba7 Qxd5 33. Nf4 Qd6 34.
g3 Bb5 35. Ra1 Rd7 36. Bb3+ Nxb3 37. Qxb3+ Kf8 38. Qxb5 g5 39. Qxf5+ Kg8 40.
Qxg5+ Rg7 41. Qd5+ 1-0

[Event "SR 2. liga A 2002/2003"]
[Site "?"]
[Date "2002.10.12"]
[Round "1.5"]
[White "Syrovy, Ivan"]
[Black "Hecht, Tomas"]
[Result "0-1"]
[WhiteElo "2066"]
[BlackElo "2050"]
[PlyCount "90"]
[EventDate "2002.??.??"]

1. e4 c5 2. Nf3 Nc6 3. Bc4 g6 4. O-O Bg7 5. c3 Nf6 6. e5 Ng4 7. Bxf7+ Kxf7 8.
Ng5+ Kg8 9. Qxg4 Nxe5 10. Qg3 Nf7 11. d3 Bf6 12. Re1 d6 13. h4 Bf5 14. Nd2 Nxg5
15. hxg5 Be5 16. Qf3 Qd7 17. Nc4 Bg7 18. Qd5+ Kf8 19. Re3 Qc6 20. Qf3 Qxf3 21.
Rxf3 Ke8 22. Bf4 b5 23. Nd2 Kd7 24. Ne4 c4 25. Re1 cxd3 26. Rxd3 Kc6 27. Rd2
Rhe8 28. f3 Rad8 29. a4 bxa4 30. Ra1 e5 31. Be3 d5 32. Ng3 d4 33. cxd4 exd4 34.
Bf2 Kb5 35. Ne2 d3 36. Nc1 Be5 37. g4 Bf4 38. Rd1 Bxc1 39. Raxc1 Be6 40. Rc5+
Kb4 41. Rc3 Bc4 42. Be1 Rxe1+ 43. Rxe1 d2 44. Rxc4+ Kxc4 45. Rd1 Kd3 0-1

[Event "SR 2. liga A 2002/2003"]
[Site "?"]
[Date "2002.10.12"]
[Round "1.5"]
[White "Zacik, Anton"]
[Black "Vychodil, Michal"]
[Result "0-1"]
[WhiteElo "2113"]
[BlackElo "2078"]
[PlyCount "112"]
[EventDate "2002.??.??"]

1. e4 c5 2. Nf3 g6 3. d4 Bg7 4. c3 cxd4 5. cxd4 d5 6. e5 Bg4 7. h3 Bxf3 8. Qxf3
Nc6 9. Bb5 e6 10. O-O Qb6 11. Bxc6+ bxc6 12. Be3 Qxb2 13. Nd2 Qb6 14. Rab1 Qc7
15. Nb3 Rb8 16. Nc5 Rb6 17. Bd2 Rb5 18. a4 Rxc5 19. dxc5 Bxe5 20. a5 Nf6 21.
Bc3 Ne4 22. Bxe5 Qxe5 23. Qe2 Qc7 24. Rfc1 O-O 25. a6 Qa5 26. Ra1 Qb4 27. Rab1
Qa5 28. Rb7 Nxc5 29. Rxa7 Qb6 30. Re7 Nxa6 31. Qf3 c5 32. Qf6 c4 33. Re1 Nc5
34. Ra1 Ne4 35. Qf4 Qd6 36. Qxd6 Nxd6 37. Rd7 Nf5 38. g4 Nd4 39. Raa7 Nb3 40.
Rac7 Nd4 41. Kf1 g5 42. Kg2 Kg7 43. Ra7 Kf6 44. Rac7 h6 45. Kf1 Nf3 46. Rc5 Ke5
47. Rcc7 Kf6 48. Rd6 Nh4 49. Ra6 Ng6 50. Raa7 Nf4 51. Rab7 Nxh3 52. Kg2 Nf4+
53. Kf3 Ke5 54. Ra7 Kd4 55. Ra1 f5 56. Rd1+ Nd3 0-1

[Event "SR 2. liga A 2002/2003"]
[Site "?"]
[Date "2002.10.12"]
[Round "1.6"]
[White "Kruppa, Dominik"]
[Black "Puskas, Miroslav"]
[Result "1/2-1/2"]
[WhiteElo "2091"]
[BlackElo "2142"]
[PlyCount "116"]
[EventDate "2002.??.??"]

1. e4 e5 2. Nf3 Nc6 3. Bb5 a6 4. Ba4 Nf6 5. O-O Be7 6. Re1 b5 7. Bb3 O-O 8. c3
d6 9. h3 Na5 10. Bc2 c5 11. d4 cxd4 12. cxd4 Qc7 13. Nbd2 Re8 14. Nf1 Nc6 15.
d5 Nb4 16. Bb1 a5 17. a3 Na6 18. Bd3 Bd7 19. Be3 a4 20. Qd2 Rac8 21. Rac1 Qb7
22. g4 Rxc1 23. Rxc1 Rc8 24. Rxc8+ Qxc8 25. Qc2 Qxc2 26. Bxc2 Bd8 27. Bd3 Ne8
28. N1d2 f6 29. b4 g5 30. Nb1 Kf7 31. Nc3 Nac7 32. Bb6 Be7 33. Kh2 Kg6 34. Kg3
h5 35. gxh5+ Kxh5 36. Nd2 Na8 37. Ba5 Nac7 38. Nf1 Kg6 39. Ne3 Bf8 40. Nf5 Kh7
41. h4 Kg6 42. Kg4 gxh4 43. Kxh4 Bh6 44. Bxc7 Nxc7 45. Nxd6 Bc1 46. Bxb5 Nxb5
47. Ndxb5 f5 48. exf5+ Kxf5 49. Nd6+ Kf6 50. Nc4 Bf4 51. Nb6 Be8 52. Nbxa4 Bc1
53. Ne4+ Ke7 54. Nb6 Bxa3 55. d6+ Kd8 56. Nc5 Bc6 57. Nd3 Bb5 58. Nxe5 Bxb4
1/2-1/2

[Event "SR 2. liga A 2002/2003"]
[Site "?"]
[Date "2002.10.12"]
[Round "1.6"]
[White "Mandak, Miroslav"]
[Black "Hrncar, Lubomir"]
[Result "1/2-1/2"]
[WhiteElo "2060"]
[BlackElo "2011"]
[PlyCount "95"]
[EventDate "2002.??.??"]

1. b3 b6 2. Bb2 Bb7 3. d3 d6 4. e4 e5 5. Nf3 Nf6 6. Nc3 Nbd7 7. Be2 Nc5 8. Qd2
Be7 9. O-O Ne6 10. Rfe1 O-O 11. Bf1 Nh5 12. d4 exd4 13. Nxd4 Bg5 14. Qd1 Nxd4
15. Qxd4 Qf6 16. Nd5 Qxd4 17. Bxd4 c6 18. Be3 Bd8 19. Nf4 Nf6 20. f3 Bc7 21. c4
d5 22. exd5 cxd5 23. cxd5 Nxd5 24. Nxd5 Bxd5 25. Rac1 Bd8 26. Red1 Be6 27. Bb5
Rc8 28. Rxc8 Bxc8 29. Bf4 Be7 30. Kf2 Bf5 31. Rd5 Be6 32. Rd2 Rd8 33. Rxd8+
Bxd8 34. Ke3 Be7 35. Kd4 Kf8 36. Bb8 a5 37. Ke5 Kg8 38. Bc4 Bc8 39. a4 Kf8 40.
Bc7 f6+ 41. Ke4 Bc5 42. Bd5 Ke7 43. f4 Kd7 44. Bb8 Ba6 45. f5 Bd6 46. Bxd6 Kxd6
47. Kd4 Bc8 48. Be4 1/2-1/2

[Event "SR 2. liga A 2002/2003"]
[Site "?"]
[Date "2002.10.12"]
[Round "1.6"]
[White "Mikulas, Dusan"]
[Black "Kralovic, Andrej"]
[Result "1-0"]
[WhiteElo "2154"]
[BlackElo "2055"]
[PlyCount "57"]
[EventDate "2002.??.??"]

1. e4 e6 2. d4 d5 3. Nc3 dxe4 4. Nxe4 Nd7 5. Nf3 Ngf6 6. Nxf6+ Nxf6 7. Bd3 Be7
8. Qe2 O-O 9. Bg5 Qd5 10. O-O c5 11. c4 Qd6 12. Rad1 cxd4 13. Bb1 d3 14. Rxd3
Qc5 15. Ne5 h6 16. Bd2 Rd8 17. Bc3 Rxd3 18. Qxd3 Kf8 19. b4 Qc7 20. Rd1 b6 21.
Qg3 Qb7 22. Ng4 Nxg4 23. Qxg4 e5 24. Qe2 f6 25. Be4 Qb8 26. Qf3 Bg4 27. Qxg4
Qc8 28. Qf3 Rb8 29. Bxe5 1-0

[Event "SR 2. liga A 2002/2003"]
[Site "?"]
[Date "2002.10.12"]
[Round "1.6"]
[White "Pobjecky, Jozef"]
[Black "Samko, Karol"]
[Result "1/2-1/2"]
[WhiteElo "1970"]
[BlackElo "1974"]
[PlyCount "50"]
[EventDate "2002.??.??"]

1. e4 c5 2. Nf3 Nc6 3. d4 cxd4 4. Nxd4 g6 5. Nc3 Bg7 6. Be3 Nf6 7. Be2 O-O 8.
O-O d6 9. Kh1 Bd7 10. f4 Qc8 11. f5 Nxd4 12. Bxd4 gxf5 13. Bxf6 Bxf6 14. Nd5
Bg5 15. Bd3 e6 16. Qh5 Qd8 17. exf5 exf5 18. Rxf5 Bxf5 19. Bxf5 h6 20. h4 Kg7
21. hxg5 Qxg5 22. Qf3 Rae8 23. Rf1 Re5 24. Nc3 Rfe8 25. Bd3 Qh4+ 1/2-1/2

[Event "SR 2. liga A 2002/2003"]
[Site "?"]
[Date "2002.10.12"]
[Round "1.6"]
[White "Pusec, Pavel"]
[Black "Kollarik, Gorazd"]
[Result "1-0"]
[WhiteElo "2117"]
[BlackElo "1820"]
[PlyCount "103"]
[EventDate "2002.??.??"]

1. d4 d5 2. Nf3 Nf6 3. e3 e6 4. Ne5 Bb4+ 5. c3 Bd6 6. Nd2 O-O 7. Bd3 c5 8. f4
Nc6 9. O-O Bd7 10. Rf3 Rc8 11. Rh3 g6 12. Ndf3 cxd4 13. exd4 Ne7 14. g4 Bxe5
15. Nxe5 Ne4 16. Bxe4 dxe4 17. g5 Kg7 18. Qe1 Bc6 19. Qh4 Rh8 20. Qh6+ Kg8 21.
Ng4 Nd5 22. Be3 f5 23. gxf6 Nxf6 24. Nxf6+ Qxf6 25. d5 exd5 26. Bd4 Qf7 27. f5
Qf8 28. fxg6 Qxh6 29. Rxh6 Rc7 30. Bxh8 Kxh8 31. Rxh7+ Rxh7 32. gxh7 Kxh7 33.
Kf2 Kg6 34. Ke3 Bd7 35. Kd4 Be6 36. Rg1+ Kf5 37. Ke3 Bf7 38. h4 a5 39. a3 b5
40. Rg5+ Kf6 41. Kd4 a4 42. Kc5 e3 43. Rg3 e2 44. Rf3+ Kg6 45. Re3 Kh5 46. Rxe2
Kxh4 47. Rd2 Be8 48. Rxd5 Bf7 49. Rd4+ Kg5 50. Kxb5 Be8+ 51. Ka5 Kf6 52. Rxa4
1-0

[Event "SR 2. liga A 2002/2003"]
[Site "?"]
[Date "2002.10.12"]
[Round "1.6"]
[White "Sekera, Branislav"]
[Black "Deak, Gabriel"]
[Result "1/2-1/2"]
[WhiteElo "2128"]
[BlackElo "2072"]
[PlyCount "63"]
[EventDate "2002.??.??"]

1. d4 d5 2. Nf3 Nf6 3. Bg5 e6 4. e3 Be7 5. Bd3 h6 6. Bf4 Nbd7 7. Nbd2 O-O 8.
Ne5 c5 9. c3 Nxe5 10. dxe5 Nd7 11. h4 f5 12. g4 d4 13. exd4 Bxh4 14. gxf5 cxd4
15. Qg4 Bg5 16. f6 Nxf6 17. exf6 dxc3 18. Bxg5 Qxd3 19. Bxh6 cxd2+ 20. Kd1 Qh7
21. Qxg7+ Qxg7 22. Bxg7 Re8 23. Kxd2 Bd7 24. Ke3 Bc6 25. Rh8+ Kf7 26. Rxe8 Rxe8
27. Rd1 Bd5 28. Rc1 Bc6 29. a3 Rd8 30. b4 Rd7 31. Rc3 Rd5 32. f4 1/2-1/2

[Event "SR 2. liga A 2002/2003"]
[Site "?"]
[Date "2002.10.12"]
[Round "1.7"]
[White "Antala, Jan"]
[Black "Borik, M."]
[Result "1-0"]
[WhiteElo "1904"]
[BlackElo "1951"]
[PlyCount "111"]
[EventDate "2002.??.??"]

1. e4 e5 2. Nf3 Nc6 3. Bc4 Bc5 4. c3 Nf6 5. d4 exd4 6. cxd4 Bb4+ 7. Nc3 d5 8.
exd5 Nxd5 9. O-O Bxc3 10. bxc3 O-O 11. Ng5 h6 12. Ne4 Be6 13. Qf3 Nce7 14. Bb3
Nf5 15. Ba3 Re8 16. Nc5 Nh4 17. Qg3 Qf6 18. Ne4 Qd8 19. Bc1 a5 20. Bc2 Nf5 21.
Qf3 Nh4 22. Qg3 Nf5 23. Qd3 Nb6 24. Ng3 g6 25. Qd1 Nxg3 26. fxg3 Kg7 27. Qd2
Rh8 28. Qf4 a4 29. Qe5+ Kh7 30. Qh5 Qf8 31. Rf6 Qg7 32. Qf3 Nd5 33. Bxg6+ Kg8
34. Rxe6 fxe6 35. Qg4 Qf6 36. Bf5+ Kf7 37. Bd3 Qg7 38. Qh5+ Ke7 39. Ba3+ Kd7
40. Rf1 Nf6 41. Qb5+ Kc8 42. Qe5 Ne8 43. Qxe6+ Kb8 44. Rf7 Qg5 45. Rf4 Ng7 46.
Qg4 Ra5 47. Qf3 Ne6 48. Rf7 Qd2 49. Bb4 Rg5 50. a3 Re8 51. h4 Rgg8 52. Bb5 c6
53. Rxb7+ Kxb7 54. Qxc6+ Ka7 55. Qa6+ Kb8 56. Bd6+ 1-0

[Event "SR 2. liga A 2002/2003"]
[Site "?"]
[Date "2002.10.12"]
[Round "1.7"]
[White "Pospichal, Karol"]
[Black "Antol, Ladislav"]
[Result "0-1"]
[WhiteElo "1827"]
[BlackElo "2039"]
[PlyCount "148"]
[EventDate "2002.??.??"]

1. e4 c5 2. c4 d6 3. Nc3 e6 4. g3 Nf6 5. Bg2 Be7 6. Nge2 O-O 7. d4 cxd4 8. Nxd4
a6 9. O-O Qc7 10. b3 Nc6 11. Bb2 Nd7 12. Rc1 Bf6 13. Nce2 Nc5 14. Ba3 Rd8 15.
Nxc6 bxc6 16. f4 Qa5 17. Bxc5 Qxc5+ 18. Kh1 a5 19. Nc3 Bb7 20. Qe2 Qb4 21. Na4
c5 22. Rfd1 Bc6 23. Nb2 a4 24. Nd3 Qb7 25. e5 Be7 26. exd6 Bxd6 27. Ne5 Bxe5
28. fxe5 axb3 29. Rxd8+ Rxd8 30. axb3 Bxg2+ 31. Qxg2 Qxg2+ 32. Kxg2 Rd2+ 33.
Kf3 Rd3+ 34. Ke4 Rxb3 35. Ra1 Rb8 36. Ra5 Rc8 37. h4 Kf8 38. g4 h6 39. Rb5 Rc7
40. Rb8+ Ke7 41. Rb5 f6 42. Rb6 Rd7 43. Ke3 fxe5 44. Rc6 Rd4 45. Rc7+ Kd6 46.
Rxg7 Rxc4 47. Rg6 h5 48. gxh5 Rxh4 49. Rh6 e4 50. Rh8 Ke5 51. h6 Rh3+ 52. Ke2
e3 53. h7 Ke4 54. Re8 Rh2+ 55. Ke1 Rxh7 56. Rxe6+ Kd3 57. Rd6+ Kc3 58. Ke2 Rh3
59. Rd3+ Kc2 60. Ra3 c4 61. Ra2+ Kc3 62. Ra7 Kb2 63. Rb7+ Kc2 64. Rb6 c3 65.
Rb7 Kc1 66. Rb3 c2 67. Rb6 Rh2+ 68. Ke1 Rh5 69. Ke2 Ra5 70. Kxe3 Kd1 71. Rd6+
Ke1 72. Rc6 Ra3+ 73. Ke4 Kd2 74. Rd6+ Kc3 0-1

[Event "SR 2. liga A 2002/2003"]
[Site "?"]
[Date "2002.10.12"]
[Round "1.7"]
[White "Skapikova, Lubica"]
[Black "Dzavik, Jozef"]
[Result "0-1"]
[WhiteElo "2057"]
[BlackElo "1997"]
[PlyCount "78"]
[EventDate "2002.??.??"]

1. e4 e6 2. d4 d5 3. Nd2 c5 4. c3 cxd4 5. cxd4 Nf6 6. e5 Nfd7 7. Ngf3 Be7 8.
Bd3 Nf8 9. O-O Bd7 10. Nb3 Ng6 11. Be3 a5 12. Rc1 Na6 13. a3 a4 14. Nbd2 Qb6
15. Rc2 Bb5 16. Qe2 Bxd3 17. Qxd3 O-O 18. Rfc1 Nb8 19. Nb1 Nc6 20. Nc3 h6 21.
g3 Ra5 22. h4 Rfa8 23. h5 Nf8 24. Kh2 Na7 25. g4 Nh7 26. Qd2 Qd8 27. g5 Nxg5
28. Nxg5 Bxg5 29. f4 Be7 30. Rg1 Bf8 31. Rg4 f5 32. exf6 Qxf6 33. Ne4 Qf5 34.
Nf6+ Kh8 35. Rc7 Rb5 36. Rg6 Rc8 37. Qg2 Rxb2 38. Rgxg7 Rxg2+ 39. Kxg2 Bxg7 0-1

[Event "SR 2. liga A 2002/2003"]
[Site "?"]
[Date "2002.10.12"]
[Round "1.7"]
[White "Slamena, Michal"]
[Black "Stepanovic, Branislav"]
[Result "1-0"]
[WhiteElo "1717"]
[BlackElo "2060"]
[PlyCount "49"]
[EventDate "2002.??.??"]

1. e4 c5 2. Nf3 d6 3. d4 cxd4 4. Nxd4 Nf6 5. Nc3 a6 6. Bg5 e6 7. f4 Nbd7 8. Bc4
Qc7 9. Bxe6 fxe6 10. Nxe6 Qc6 11. Nd5 Nxd5 12. exd5 Qc4 13. Qf3 Nf6 14. b3 Qb4+
15. c3 Qb6 16. Bxf6 Bxe6 17. Bd4 Qc7 18. dxe6 O-O-O 19. O-O Rg8 20. c4 Be7 21.
Rac1 Rdf8 22. Qd5 g6 23. c5 dxc5 24. Bxc5 Rf5 25. Qxf5 1-0

[Event "SR 2. liga A 2002/2003"]
[Site "?"]
[Date "2002.10.12"]
[Round "1.7"]
[White "Vach, Jozef"]
[Black "Garaj, Ivan"]
[Result "1/2-1/2"]
[WhiteElo "1860"]
[BlackElo "1728"]
[PlyCount "133"]
[EventDate "2002.??.??"]

1. e4 e6 2. d4 d5 3. e5 c5 4. c3 Nc6 5. Be3 Qb6 6. Qd2 cxd4 7. cxd4 Bd7 8. Nc3
Rc8 9. Nf3 Nge7 10. Be2 Nf5 11. O-O Qd8 12. Bg5 Be7 13. Bxe7 Qxe7 14. a3 O-O
15. b4 Nh4 16. b5 Nxf3+ 17. Bxf3 Nd8 18. Be2 f6 19. f4 Nf7 20. Na4 b6 21. Bd3
f5 22. Qb2 Rc7 23. Rac1 Rfc8 24. Rc3 Nd8 25. Rfc1 Be8 26. R3c2 Nb7 27. Rxc7
Rxc7 28. Rxc7 Qxc7 29. Nc3 Na5 30. a4 Qe7 31. Ne2 Qc7 32. Qb4 h6 33. Kf2 g5 34.
fxg5 hxg5 35. Qd2 Qe7 36. h3 Kg7 37. Qc3 Bh5 38. Ng3 Bd1 39. Bxf5 Bxa4 40. Nh5+
Kh6 41. Bg4 Nc4 42. Nf6 Qa3 43. Qxa3 Nxa3 44. Bxe6 Nxb5 45. Ke3 Nc7 46. Bxd5
Nxd5+ 47. Nxd5 Bc6 48. Nc7 Bxg2 49. d5 Kg6 50. e6 Kf6 51. Kd4 Bxh3 52. Nb5 a5
53. Nc3 Bxe6 54. Ne4+ Ke7 55. dxe6 Kxe6 56. Nxg5+ Kd6 57. Kc4 Kc6 58. Ne4 b5+
59. Kd4 a4 60. Nc5 Kb6 61. Nxa4+ bxa4 62. Kc3 Kb5 63. Kb2 Kb4 64. Ka2 a3 65.
Kb1 Kc3 66. Ka1 Kb4 67. Kb1 1/2-1/2